000 00986aab a2200193 i 4500
001 768714001
003 CO-MdFUSB
005 20240424104832.0
008 221011s1996 ag ||||| |||| 00| 0 spa d
040 _bspa
_cCO-MdFUSB
_dCO-MdFUSB
041 _aspa
100 1 _aChao Montes, J. Jorge
_eautor
245 1 0 _a"¿Qué es lo que cree?"
_c/ J. Jorge Chao Montes
300 _aVolumen 15, número 1 (enero - marzo, 1996), páginas: 12 - 14
_c; 27 cm
520 _aEn un amplio sector de las iglesias de corte popular, se extiende y a veces se agudiza la ya desafortunadamente existente y generalizada falta de interés por estudiar, con un mínimo de precisión, el texto bíblico. No todo lo que crece es positivo, saludable, bíblico y debe ser, por lo tanto, bienvenido de manera irreflexiva.
650 0 _91860
_aTeología de la prosperidad
773 0 _tIglesia y Misión
_049402
_959641
_gVolumen 15, número 1 (enero - marzo, 1996), páginas: 12 - 14
_qpáginas: 12
942 _cANA
999 _c52175
_d52175